00463nam a2200181Ia 450000500170000000800410001702000180005804100080007608200150008410000130009924500470011225000120015926000320017130000090020350000280021265000280024070000130026820251121144354.0230125s9999 xx 000 0 und d a9780749467753 aeng a158.1bTAY aTaylor R aConfidence at WorkbGet it Feel it Keep it aEd.2nd. c2013bKogan PageaNew Delhi a194p aPersonality Development aPersonality Development aTaylor R